| 000 | 05035namaa22004211i 4500 | ||
|---|---|---|---|
| 003 | EG-GICUC | ||
| 005 | 20260122120122.0 | ||
| 008 | 260118s2025 ua a|||frm||| 000 0 eng d | ||
| 040 |
_aEG-GICUC _beng _cEG-GICUC _dEG-GICUC _erda |
||
| 041 | 0 |
_aeng _beng _bara |
|
| 049 | _aDeposit | ||
| 082 | 0 | 4 | _a420 |
| 092 |
_a420 _221 |
||
| 097 | _aPh.D | ||
| 099 | _aCai01.02.12.Ph.D.2025.Sh.E | ||
| 100 | 0 |
_aShereen Mohamed Safwat Hussein Zaky, _epreparation. |
|
| 245 | 1 | 4 |
_aThe ecofeminist turn in selected novels by doris lessing : _bthe alternative path to female spirituality / _cby Shereen Mohamed Safwat Hussein Zaky ; Supervision Prof. Marie -Therese Abdelmessih. |
| 246 | 1 | 5 |
_aالنزعة النسوية الإيكولوجية في روايات مختارة لدوريس ليسينج : _bالروحانية النسائية كحل بديل / |
| 264 | 0 | _c2025. | |
| 300 |
_a172 pages : _billustrations ; _c25 cm. + _eCD. |
||
| 336 |
_atext _2rda content |
||
| 337 |
_aUnmediated _2rdamedia |
||
| 338 |
_avolume _2rdacarrier |
||
| 502 | _aThesis (Ph.D)-Cairo University, 2025. | ||
| 504 | _aBibliography: pages 156-170. | ||
| 520 | 3 | _aThe Nobel prize winner (2007), Doris May Lessing (1919-2013) shows special attention to the injustice that is inflicted by men upon both women and nature. Her multicultural upbringing allowed her to gain a special connection with nature via her intuitive instinct. This thesis aims at exploring these patriarchal tactics that are put in action to subdue women and nature to exploit them. Hence, it demonstrates that this code of behaviour creates a dystopian reality as conveyed by Lessing in the three selected novels. This dissertation also investigates Lessing’s proposed spiritual solutions to overcome this impasse that also empower her female protagonists. In the same manner, it detects ecofeminist tendencies in Lessing’s selected novels that are associated with Gaia hypothesis, which suggests a new way to look at life on earth. This research focuses on three novels by Lessing namely, The Golden Notebook (1962), The Four-Gated City (1969) and The Memoirs of a Survivor (1974) that are to be tackled within the theoretical frame of ecofeminism and Gaia. The methodology used in this thesis will be based on ecofeminist and Gaian approaches that perceive earth as a community of beings, in which all living organisms are equal. The two schools of thought depend on emotions and spirituality to ensure survival on earth; and thus, they subvert the patriarchal narrative, which is echoed in Lessing’s selected novels. This research will rely on primary sources such as Lessing’s selected novels, interviews, and related writings. Major books on ecofeminism by D’Euabonne, Gaard, Griffin, Merchant, Mies, among others, and on Gaia by Lovelock and Margulis will be under study as well. It will also rely on articles published in databases and academic journals based on the primary sources. | |
| 520 | 3 | _aتعرضدوريس ليسينج من خلال الثلاث روايات المختارة الظلم الذي تتعرض له المرأة والطبيعة من قبل الرجل.يهدف هذا البحث إلى دراسة الآليات الأبوية التي تسعي إلى السيطرة على النساء والطبيعة لاستغلالهما؛ كما يوضح بحثنا هذا، الواقع المرير نتاج هذه السيطرة الأبوية كما ترسمه ليسينج في الروايات المختارة. وينظر هذا البحث أيضاً إلى حلول ليسينج الروحانية المقترحة بهدف تخطي هذه الإشكالية لأجل تمكين بطلات رواياتها والنجاة على كوكب الأرض، وعلى هذا المنوال يتتبع البحث النزعة النسوية الإيكولوجية وطيدة العلاقة بفرضية جايا التي تحث على رؤية الكون من منظور جديد. يختص هذا البحث بدراسة ثلاث روايات مختارة لليسينج: The Golden Notebook (1962)،The Four-Gated City (1969) and TheMemoirs of a Survivor (1974) من منظور نسوي إيكولوجي الذي يتفق مع فرضية جايا في النظر إلي كوكب الأرض كمجتمع تسوده المساواة بين جميع كائناته الحية. | |
| 530 | _aIssues also as CD. | ||
| 546 | _aText in English and abstract in Arabic & English. | ||
| 650 | 0 | _aEnglish Language | |
| 650 | 0 | _aاللغة الإنجليزية | |
| 653 | 1 |
_apatriarchy _aecofeminism _anature _adystopia _aGaia _awomen _aالأبوية _aالنسوية الإيكولوجية |
|
| 700 | 0 |
_aMarie -Therese Abdelmessih _ethesis advisor. |
|
| 900 |
_b01-01-2025 _cMarie -Therese Abdelmessih _UCairo University _FFaculty of Arts _DDepartment of English Language and Literature |
||
| 905 |
_aShimaa _eEman Ghareb |
||
| 942 |
_2ddc _cTH _e21 _n0 |
||
| 999 | _c177837 | ||